[Event "Obro International 2022"]
[Site "Copenhagen"]
[Date "2022.08.22"]
[Round "1.1"]
[White "Hillarp Persson, Tiger"]
[Black "Jacobsen, Mikkel Manosri"]
[Result "1-0"]
[WhiteElo "2514"]
[BlackElo "2320"]
[PlyCount "93"]
[EventDate "2022.08.22"]
[EventType "swiss"]
[EventRounds "9"]
[EventCountry "DEN"]

1. e4 c6 2. Nf3 d5 3. d3 Bg4 4. h3 Bxf3 5. Qxf3 e6 6. Nd2 g6 7. c3 Bg7 8. d4
Ne7 9. Bd3 Nd7 10. O-O O-O 11. Qe2 e5 12. dxe5 Nxe5 13. Bc2 d4 14. cxd4 Qxd4
15. Rd1 b6 16. Nf3 Qc4 17. Qxc4 Nxc4 18. Rd7 Rfe8 19. Rb1 c5 20. Ba4 Kf8 21. b4
Red8 22. bxc5 Rxd7 23. Bxd7 bxc5 24. Bf4 Nb6 25. Bb5 c4 26. a4 a6 27. a5 Nbd5
28. exd5 axb5 29. Rxb5 c3 30. Ne1 Ke8 31. Nc2 Nf5 32. Kf1 Nd4 33. Nxd4 Bxd4 34.
Ke2 c2 35. Kd3 Be5 36. Bd2 Rc8 37. Bc1 Rc3+ 38. Ke4 Bg7 39. g4 Rxh3 40. a6 f5+
41. gxf5 gxf5+ 42. Kxf5 Bd4 43. Ke6 Kf8 44. d6 Rh1 45. d7 Re1+ 46. Be3 c1=Q 47.
d8=Q+ 1-0

[Event "Obro International 2022"]
[Site "Copenhagen"]
[Date "2022.08.22"]
[Round "1.2"]
[White "Kistrup, Nicolai"]
[Black "Rozentalis, Eduardas"]
[Result "0-1"]
[WhiteElo "2308"]
[BlackElo "2493"]
[PlyCount "66"]
[EventDate "2022.08.22"]
[EventType "swiss"]
[EventRounds "9"]
[EventCountry "DEN"]

1. d4 Nf6 2. c4 e6 3. Nf3 Bb4+ 4. Nbd2 O-O 5. a3 Bxd2+ 6. Qxd2 d6 7. g3 Qe7 8.
Bg2 e5 9. O-O e4 10. Ne1 d5 11. b3 Be6 12. Qc3 h6 13. Nc2 Nc6 14. Rd1 Qd7 15.
Ne3 Ne7 16. a4 Rfe8 17. Ba3 Nf5 18. cxd5 Nxd5 19. Nxd5 Bxd5 20. e3 Re6 21. Rac1
c6 22. Bh3 Nh4 23. Bxe6 Nf3+ 24. Kg2 Bxe6 25. Kf1 Bg4 26. d5 Nxh2+ 27. Ke1 Bxd1
28. Rxd1 Nf3+ 29. Kf1 cxd5 30. Kg2 Nh4+ 31. Kh2 Qf5 32. Rf1 Nf3+ 33. Kg2 Rc8
0-1

[Event "Obro International 2022"]
[Site "Copenhagen"]
[Date "2022.08.22"]
[Round "1.3"]
[White "Hamitevici, Vladimir"]
[Black "Ramsdal, Jens Albert"]
[Result "1-0"]
[WhiteElo "2473"]
[BlackElo "2304"]
[PlyCount "97"]
[EventDate "2022.08.22"]
[EventType "swiss"]
[EventRounds "9"]
[EventCountry "DEN"]

1. d4 Nf6 2. c4 e6 3. Nf3 d5 4. g3 Bb4+
5. Bd2 Be7 6. Bg2 O-O 7. O-O c6 8. Qc2 Nbd7 9. Bf4 b6 10. Nc3 dxc4 11. Nd2 Nd5
12. Nxc4 Nxf4 13. gxf4 Bb7 14. Rfd1 Qc7 15. e3 Rac8 16. a3 Qb8 17. b4 Rfd8 18.
Rab1 c5 19. Bxb7 Qxb7 20. bxc5 Qf3 21. Qe4 Qg4+ 22. Qg2 Qxg2+ 23. Kxg2 bxc5 24.
d5 exd5 25. Nxd5 Bf8 26. Rd2 Nb8 27. Rb7 Nc6 28. e4 Rb8 29. Rdb2 Rxb7 30. Rxb7
Rc8 31. e5 Rd8 32. Nce3 a5 33. Kf3 a4 34. Ke4 Rb8 35. Rxb8 Nxb8 36. Nb6 Be7 37.
Nxa4 Kf8 38. Kd5 Bh4 39. f3 Bf2 40. Nc4 Bg1 41. h3 Na6 42. Kc6 Ke7 43. Kb7 Nb4
44. axb4 cxb4 45. f5 f6 46. e6 g6 47. Kc6 gxf5 48. Kd5 b3 49. Na5 1-0

[Event "Obro International 2022"]
[Site "Copenhagen"]
[Date "2022.08.22"]
[Round "1.4"]
[White "Hilwerda, Jonas"]
[Black "Hector, Jonny"]
[Result "1-0"]
[WhiteElo "2273"]
[BlackElo "2463"]
[PlyCount "133"]
[EventDate "2022.08.22"]
[EventType "swiss"]
[EventRounds "9"]
[EventCountry "DEN"]

1. e4 e5 2. Nf3 Nc6 3. d4 exd4 4. Nxd4 Nf6 5.
Nxc6 bxc6 6. e5 Qe7 7. Qe2 Nd5 8. c4 Ba6 9. b3 O-O-O 10. Bb2 f6 11. g3 fxe5 12.
Bg2 h5 13. O-O h4 14. Qxe5 hxg3 15. hxg3 Qxe5 16. Bxe5 Re8 17. Bd4 Nb4 18. Na3
Rh5 19. Rfe1 Rxe1+ 20. Rxe1 Kd8 21. Be4 Rg5 22. f4 Rxg3+ 23. Kf2 Rh3 24. Kg2
Rh6 25. Nc2 Nxc2 26. Bxc2 c5 27. Bc3 Bb7+ 28. Kg3 Rh1 29. Rxh1 Bxh1 30. Kg4 c6
31. Kg5 d5 32. Kg6 d4 33. Ba5+ Ke8 34. Bc7 Bf3 35. Bd3 Bg4 36. f5 Ke7 37. Be5
a5 38. Bc7 Bd1 39. Bxa5 Kd7 40. Bb6 Bd6 41. Kxg7 Be5+ 42. Kg6 Bd6 43. Ba5 Bf4
44. Be1 Bg4 45. Bh4 Bd6 46. a4 Bd1 47. f6 Bxb3 48. a5 Bd1 49. f7 Bf8 50. Kh7
Bg4 51. Kg8 Bd6 52. f8=Q Bxf8 53. Kxf8 Kd6 54. Be7+ Kc7 55. Bxc5 Kb7 56. Bxd4
Bf3 57. Ke7 Bg2 58. Kd6 Bf3 59. Ke7 Bg2 60. Kd6 Bf3 61. Bb6 Bg2 62. c5 Bf3 63.
a6+ Ka8 64. Bf5 Be2 65. Bc8 Bb5 66. Kc7 Bxa6 67. Bd7 1-0

[Event "Obro International 2022"]
[Site "Copenhagen"]
[Date "2022.08.22"]
[Round "1.5"]
[White "Korley, Kassa"]
[Black "Schmidt, Kristen"]
[Result "1-0"]
[WhiteElo "2432"]
[BlackElo "2273"]
[PlyCount "104"]
[EventDate "2022.08.22"]
[EventType "swiss"]
[EventRounds "9"]
[EventCountry "DEN"]

1. Nf3 c5 2. e3 Nc6 3. d4 cxd4 4. exd4 d5 5. Bd3 Bg4
6. c3 Nf6 7. Bf4 e6 8. Nbd2 Bd6 9. Bxd6 Qxd6 10. O-O O-O 11. Re1 Rab8 12. a4
Bh5 13. Qe2 Rfe8 14. Qe3 Nd7 15. Ne5 Ncxe5 16. dxe5 Qb6 17. Qxb6 Nxb6 18. a5
Nd7 19. Bb5 Red8 20. Nb3 Nf8 21. Nd4 a6 22. Bf1 Bg6 23. Ra4 Rbc8 24. Rb4 Rc7
25. f3 Re8 26. g3 Nd7 27. Bh3 Nc5 28. Re3 f6 29. Rb6 Bf7 30. f4 f5 31. g4 g6
32. g5 Ree7 33. Bf1 Na4 34. Rb4 Be8 35. Re1 Bd7 36. Kf2 Nc5 37. Ke3 h6 38. h4
hxg5 39. hxg5 Rh7 40. Bg2 Rh2 41. Rg1 Kf7 42. Nf3 Rh8 43. Rh1 Rxh1 44. Bxh1 Bc8
45. Nd4 Nd7 46. Bxd5 Nxe5 47. Bxe6+ Bxe6 48. fxe5 Bd5 49. Rb6 Rc5 50. Rf6+ Kg7
51. e6 Rxa5 52. Kf4 Ra1 1-0

[Event "Obro International 2022"]
[Site "Copenhagen"]
[Date "2022.08.22"]
[Round "1.6"]
[White "Vesterli, Michael E"]
[Black "Brynell, Stellan"]
[Result "0-1"]
[WhiteElo "2244"]
[BlackElo "2387"]
[PlyCount "114"]
[EventDate "2022.08.22"]
[EventType "swiss"]
[EventRounds "9"]
[EventCountry "DEN"]

1. d4 e6 2. c4 Nf6 3. Nf3 b6 4.
g3 Ba6 5. Qc2 c5 6. d5 exd5 7. cxd5 g6 8. Nc3 d6 9. Bg2 Bg7 10. O-O O-O 11. Bf4
b5 12. a4 b4 13. Nb5 Ne8 14. Ng5 Bc8 15. Nxd6 Nxd6 16. Qxc5 Nb7 17. Qxb4 a5 18.
Qa3 h6 19. Ne4 Na6 20. Rac1 Bg4 21. Nc3 g5 22. Bd2 Re8 23. d6 Rb8 24. h3 Nxd6
25. hxg4 Nc4 26. Qa1 Qxd2 27. Bc6 Nb4 28. Bxe8 Rxe8 29. Rfd1 Qxb2 30. Qxb2 Nxb2
31. Rd2 Bxc3 32. Rxc3 Nxa4 33. Rc7 Nb6 34. Rd6 N4d5 35. Rc5 a4 36. Rcxd5 Nxd5
37. Rxd5 Rxe2 38. Ra5 Re4 39. f3 Rb4 40. Kf2 Kg7 41. Ra6 Rb2+ 42. Kg1 Ra2 43.
Kh1 a3 44. Kg1 Kf8 45. Ra7 Ke8 46. Kh1 Kd8 47. f4 f6 48. fxg5 hxg5 49. Kg1 Kc8
50. Ra5 Kb7 51. Ra4 Kb6 52. Ra8 Kb5 53. Rb8+ Kc4 54. Rc8+ Kd3 55. Rd8+ Ke3 56.
Rc8 Kf3 57. Rc3+ Kxg4 0-1

[Event "Obro International 2022"]
[Site "Copenhagen"]
[Date "2022.08.22"]
[Round "1.7"]
[White "Marchena Hurtado, Javier"]
[Black "Loftgaard, Mikkel Vinh"]
[Result "1-0"]
[WhiteElo "2350"]
[BlackElo "2238"]
[PlyCount "157"]
[EventDate "2022.08.22"]
[EventType "swiss"]
[EventRounds "9"]
[EventCountry "DEN"]

1. e4 c5 2. Nf3 e6 3. d4 cxd4
4. Nxd4 Nf6 5. Nc3 Nc6 6. Ndb5 Bb4 7. a3 Bxc3+ 8. Nxc3 d5 9. exd5 exd5 10. Bd3
O-O 11. O-O Bg4 12. f3 Bh5 13. Bg5 Qb6+ 14. Kh1 Ne4 15. Nxe4 dxe4 16. Bxe4 Qxb2
17. Qb1 Qxb1 18. Rfxb1 f5 19. Bd3 b6 20. Rb5 Nd4 21. Rb4 Nc6 22. Rh4 Be8 23. a4
Ne5 24. Ba6 Bc6 25. a5 Rfe8 26. Rd4 Bxf3 27. gxf3 Nxf3 28. Bc4+ Kh8 29. Bd5
Nxd4 30. Bxa8 h6 31. axb6 axb6 32. Bd2 Nxc2 33. Ra7 Rd8 34. Bc3 Nd4 35. Bb2 b5
36. Kg1 b4 37. Bg2 Ne6 38. Be5 Rd1+ 39. Kf2 Rd2+ 40. Kg1 Re2 41. Ra5 Ng5 42.
Kf1 Re3 43. Kf2 Ra3 44. Rb5 Nf7 45. Bd4 Rd3 46. Rxb4 Rd2+ 47. Kg1 Rd1+ 48. Kf2
Rd2+ 49. Kf1 Nd6 50. Be5 Nf7 51. Bc3 Rd1+ 52. Ke2 Rc1 53. Bd2 Rc7 54. Rb5 Re7+
55. Kf2 Nd6 56. Rd5 Ne4+ 57. Bxe4 fxe4 58. Ke3 Kh7 59. Rd4 Re5 60. Be1 g5 61.
Rxe4 Rb5 62. Re6 Rb2 63. Bg3 h5 64. Be5 Rb4 65. Kf3 Ra4 66. Rf6 Rb4 67. Rd6 Ra4
68. Rd4 Ra7 69. Ke4 Rf7 70. Rc4 Rf2 71. Rc6 g4 72. Rf6 Re2+ 73. Kf5 Re3 74. Re6
Rf3+ 75. Kg5 Rh3 76. Rh6+ Kg8 77. Rxh5 Re3 78. Kxg4 Kf7 79. Kf5 1-0

[Event "Obro International 2022"]
[Site "Copenhagen"]
[Date "2022.08.22"]
[Round "1.8"]
[White "Thuesen, Mogens Henrik"]
[Black "Nielsen, Viktor Haarmark"]
[Result "1-0"]
[WhiteElo "2230"]
[BlackElo "2336"]
[PlyCount "93"]
[EventDate "2022.08.22"]
[EventType "swiss"]
[EventRounds "9"]
[EventCountry "DEN"]

1. d4 Nf6 2. Nf3 g6 3. c4 Bg7 4. Nc3 d5 5. Qa4+ Bd7 6. Qa3 c6 7. cxd5
cxd5 8. Bf4 Nc6 9. e3 O-O 10. Bd3 Rc8 11. h3 Qb6 12. O-O Nb4 13. Rad1 Rfd8 14.
Bb1 Bf5 15. Na4 Qb5 16. Nc3 Qb6 17. Na4 Qa5 18. Nc5 Qb5 19. Qb3 Bxb1 20. Rxb1
b6 21. Nb7 Rd7 22. a3 Rxb7 23. Rbc1 Rxc1 24. Rxc1 Bf8 25. Qxb4 Qxb4 26. axb4
Nd7 27. b5 f6 28. Kf1 Kf7 29. Ke2 Bg7 30. Rc6 h6 31. g4 Nf8 32. Bg3 Ne6 33. Ne1
Rd7 34. Nd3 Ng5 35. Rc7 Ke8 36. Rxd7 Kxd7 37. Nf4 e5 38. Nxg6 Ke6 39. dxe5 fxe5
40. Bxe5 Bxe5 41. Nxe5 Nxh3 42. f4 d4 43. Kf3 dxe3 44. Kxe3 h5 45. gxh5 Kf5 46.
h6 Nxf4 47. h7 1-0

[Event "Obro International 2022"]
[Site "Copenhagen"]
[Date "2022.08.23"]
[Round "2.1"]
[White "Brynell, Stellan"]
[Black "Hillarp Persson, Tiger"]
[Result "0-1"]
[WhiteElo "2387"]
[BlackElo "2514"]
[PlyCount "100"]
[EventDate "2022.08.22"]
[EventType "swiss"]
[EventRounds "9"]
[EventCountry "DEN"]

1. d4 Nf6 2. Nf3 e6 3. c4 d5 4. g3 Be7 5. Bg2 O-O 6. O-O c6 7. Nbd2 b6 8. Ne5
Bb7 9. b3 Na6 10. Bb2 Rc8 11. e4 c5 12. exd5 exd5 13. Re1 Rc7 14. Nf1 cxd4 15.
Qxd4 Nb4 16. Re2 dxc4 17. Qxd8 Rxd8 18. Bxb7 Rxb7 19. Nxc4 Nd3 20. Ne5 Nxb2 21.
Nc6 Re8 22. Nxe7+ Rbxe7 23. Rxb2 Re2 24. Rxe2 Rxe2 25. Rd1 Kf8 26. Rd2 Rxd2 27.
Nxd2 Ke7 28. Kf1 Kd6 29. Ke2 Kd5 30. f3 Kd4 31. Nb1 Nd5 32. Kd2 a6 33. Na3 Ne3
34. g4 b5 35. h4 b4 36. Nb1 f5 37. a3 a5 38. g5 Ng2 39. h5 h6 40. gxh6 gxh6 41.
Kc2 Ne1+ 42. Kd2 Nxf3+ 43. Ke2 Ke4 44. Kf2 f4 45. a4 Nd4 46. Nd2+ Kd3 47. Nc4
Nxb3 48. Ne5+ Ke4 49. Ng4 Nd4 50. Nxh6 b3 0-1

[Event "Obro International 2022"]
[Site "Copenhagen"]
[Date "2022.08.23"]
[Round "2.2"]
[White "Rozentalis, Eduardas"]
[Black "Marchena Hurtado, Javier"]
[Result "1-0"]
[WhiteElo "2493"]
[BlackElo "2350"]
[PlyCount "69"]
[EventDate "2022.08.22"]
[EventType "swiss"]
[EventRounds "9"]
[EventCountry "DEN"]

1. e4 c5 2. Nf3 Nc6 3. Bb5 d6 4. d4 cxd4 5. Qxd4 Bd7 6. Bxc6 Bxc6 7. Nc3 Nf6 8.
Bg5 e6 9. O-O-O Be7 10. Rhe1 Qa5 11. Kb1 O-O 12. Qd2 Qc7 13. Nd4 a6 14. f3 b5
15. g4 Rab8 16. Nce2 Ba8 17. Ng3 Rfc8 18. Nh5 Nxh5 19. gxh5 Bxg5 20. Qxg5 h6
21. Qe3 Qc5 22. Rg1 Qxh5 23. Rd2 Rc5 24. f4 Kh8 25. e5 Rd5 26. Qg3 g6 27. exd6
Kh7 28. Qc3 Rc5 29. Qe3 Rd5 30. f5 Rxd6 31. fxg6+ fxg6 32. Nxe6 Rxd2 33. Qxd2
Qd5 34. Qf4 Qxe6 35. Qc7+ 1-0

[Event "Obro International 2022"]
[Site "Copenhagen"]
[Date "2022.08.23"]
[Round "2.3"]
[White "Nilssen, John Arni"]
[Black "Hamitevici, Vladimir"]
[Result "1-0"]
[WhiteElo "2334"]
[BlackElo "2473"]
[PlyCount "75"]
[EventDate "2022.08.22"]
[EventType "swiss"]
[EventRounds "9"]
[EventCountry "DEN"]

1. d4 Nf6 2. c4 Nc6 3. Nc3 e5 4. d5 Ne7 5. Nf3 Ng6 6. h4 h5 7. Bg5 Be7 8. e3 d6
9. Bd3 Nh7 10. Qc2 Nxg5 11. hxg5 Nf8 12. g6 Rh6 13. gxf7+ Kxf7 14. O-O-O Kg8
15. Rdg1 Bd7 16. Nd2 c6 17. Nde4 Rc8 18. Qe2 Qe8 19. Kb1 a6 20. Ng3 g6 21. Nge4
Kg7 22. c5 cxd5 23. Nxd5 dxc5 24. g4 Bxg4 25. f3 Be6 26. Qh2 Nd7 27. Nb6 Bxa2+
28. Kxa2 Nxb6 29. Qxe5+ Kf8 30. Nd6 Qa4+ 31. Kb1 Rc6 32. Rxg6 Rxd6 33. Qg7+ Ke8
34. Rxh6 Rxh6 35. Qxh6 Qb4 36. Rd1 Kd8 37. Be4+ Kc7 38. Qf4+ 1-0

[Event "Obro International 2022"]
[Site "Copenhagen"]
[Date "2022.08.23"]
[Round "2.4"]
[White "Hilwerda, Jonas"]
[Black "Korley, Kassa"]
[Result "0-1"]
[WhiteElo "2273"]
[BlackElo "2432"]
[PlyCount "82"]
[EventDate "2022.08.22"]
[EventType "swiss"]
[EventRounds "9"]
[EventCountry "DEN"]

1. e4 e5 2. Nf3 Nf6 3. d4 Nxe4 4. Bd3 d5 5. Nxe5 Nd7 6. Nc3 Nxe5 7. dxe5 Nxc3
8. bxc3 Bc5 9. O-O Be6 10. Rb1 b6 11. Kh1 Qd7 12. Qh5 O-O-O 13. a4 Qxa4 14. Bg5
g6 15. Qe2 Qg4 16. Qxg4 Bxg4 17. Bxd8 Kxd8 18. h3 Bd7 19. f4 a5 20. f5 a4 21.
g4 gxf5 22. gxf5 Rg8 23. Rf4 a3 24. Rg4 Re8 25. Re1 Bd6 26. e6 fxe6 27. fxe6
Rxe6 28. Rg8+ Ke7 29. Rf1 Rf6 30. Re1+ Kf7 31. Reg1 Bf8 32. Rh8 h6 33. Re1 Bf5
34. Bxf5 Rxf5 35. Rg1 Bd6 36. Rh7+ Ke6 37. Rxh6+ Kd7 38. Rh7+ Kc6 39. Ra1 Rf3
40. h4 Rxc3 41. Ra2 b5 0-1

[Event "Obro International 2022"]
[Site "Copenhagen"]
[Date "2022.08.23"]
[Round "2.5"]
[White "Rostgaard, Tobias Valentin"]
[Black "Thuesen, Mogens Henrik"]
[Result "0-1"]
[WhiteElo "2332"]
[BlackElo "2230"]
[PlyCount "56"]
[EventDate "2022.08.22"]
[EventType "swiss"]
[EventRounds "9"]
[EventCountry "DEN"]

1. d4 d5 2. Nf3 e6 3. c4 c6 4. Nbd2 f5 5. e3 Nf6 6. Be2 Bd6 7. Ne5 O-O 8. O-O
b6 9. b3 Bb7 10. Bb2 Nbd7 11. Rc1 Qe7 12. a4 Ne4 13. Ndf3 Nxe5 14. Nxe5 Bxe5
15. dxe5 Rad8 16. c5 Nxc5 17. Ba3 f4 18. exf4 Rxf4 19. g3 Re4 20. f4 Qc7 21.
Bxc5 bxc5 22. Bd3 Rd4 23. Rxc5 Kh8 24. Qc2 Qb6 25. a5 Qb4 26. Rc1 Rc4 27. Rxc4
dxc4 28. Bxc4 Rd2 0-1

[Event "Obro International 2022"]
[Site "Copenhagen"]
[Date "2022.08.23"]
[Round "2.6"]
[White "Hector, Jonny"]
[Black "Ravi, Rakshitta"]
[Result "1-0"]
[WhiteElo "2463"]
[BlackElo "2111"]
[PlyCount "63"]
[EventDate "2022.08.22"]
[EventType "swiss"]
[EventRounds "9"]
[EventCountry "DEN"]

1. e4 e5 2. Nf3 Nc6 3. Bc4 Bc5 4. O-O Nf6 5. d3 O-O 6. Bb3 d5 7. exd5 Nxd5 8.
Re1 Bg4 9. h3 Bh5 10. g4 Bg6 11. Nxe5 Nxe5 12. Rxe5 c6 13. Qf3 Bd6 14. Re2 f5
15. Nc3 fxg4 16. Qxg4 Kh8 17. Bg5 Nf6 18. Qh4 Qc7 19. Re6 Bh2+ 20. Kg2 Nh5 21.
Re7 Qb8 22. Rae1 Bd6 23. Rd7 Nf4+ 24. Kh1 Nxh3 25. Qd4 Be5 26. Rxe5 Nxf2+ 27.
Kg2 Ng4 28. Bf4 Rf6 29. Bg3 Nxe5 30. Bxe5 Qf8 31. Bxf6 gxf6 32. Qd6 1-0

[Event "Obro International 2022"]
[Site "Copenhagen"]
[Date "2022.08.23"]
[Round "2.7"]
[White "Schmidt, Kristen"]
[Black "Jacobsen, Mikkel Manosri"]
[Result "0-1"]
[WhiteElo "2273"]
[BlackElo "2320"]
[PlyCount "84"]
[EventDate "2022.08.22"]
[EventType "swiss"]
[EventRounds "9"]
[EventCountry "DEN"]

1. e4 c6 2. Nf3 d5 3. Nc3 Bg4 4. h3 Bxf3 5. Qxf3 e6 6. d4 Bb4 7. e5 Ne7 8. a3
Ba5 9. Bd3 c5 10. O-O c4 11. Be2 Nbc6 12. Nb5 Nf5 13. c3 a6 14. g4 Nh4 15. Nd6+
Qxd6 16. exd6 Nxf3+ 17. Bxf3 O-O-O 18. Bf4 Bb6 19. Rae1 Ba7 20. Bg2 Bb8 21. Re2
b5 22. Bg5 Rde8 23. f4 h6 24. Bh4 Bxd6 25. f5 Be7 26. f6 Bxf6 27. Bxf6 gxf6 28.
Rxf6 Nd8 29. Re5 Reg8 30. Kf2 Rg6 31. Rxg6 fxg6 32. Re1 Kd7 33. a4 Nc6 34. axb5
axb5 35. Ra1 b4 36. Ke3 Rb8 37. Ra2 g5 38. Bf3 Kd6 39. Kd2 b3 40. Ra1 Rb7 41.
Ra8 Ra7 42. Rh8 Ra2 0-1

[Event "Obro International 2022"]
[Site "Copenhagen"]
[Date "2022.08.23"]
[Round "2.8"]
[White "Johansson, Thomas"]
[Black "Kistrup, Nicolai"]
[Result "1-0"]
[WhiteElo "2209"]
[BlackElo "2308"]
[PlyCount "99"]
[EventDate "2022.08.22"]
[EventType "swiss"]
[EventRounds "9"]
[EventCountry "DEN"]

1. Nf3 d5 2. g3 c5 3. Bg2 Nc6 4. O-O e5 5. c4 d4 6. d3 Nf6 7. e3 Be7 8. exd4
exd4 9. Bg5 O-O 10. a3 a5 11. Nbd2 h6 12. Bxf6 Bxf6 13. Ne1 Be7 14. f4 Ra6 15.
Ne4 f5 16. Nd2 g5 17. Qh5 Kg7 18. fxg5 hxg5 19. Qe2 Qd6 20. Nc2 g4 21. Rae1 Bg5
22. Rf2 Bd7 23. Nf1 Rb6 24. Bxc6 Qxc6 25. b4 Re8 26. Qd1 Rxe1 27. Qxe1 Qd6 28.
b5 a4 29. Re2 Qc7 30. Qa5 Rc6 31. Qxa4 Ra6 32. Qb3 Rh6 33. Qb2 b6 34. Nce3 Be6
35. Ng2 Bc8 36. Rf2 Qe5 37. Nf4 Bxf4 38. gxf4 Qd6 39. Ng3 Kf6 40. Qd2 Rh7 41.
Re2 Ra7 42. Qe1 Rxa3 43. Re8 Bd7 44. Re5 Kg6 45. Rxf5 Bxf5 46. Qe8+ Kh7 47.
Qf7+ Kh8 48. Nxf5 Ra1+ 49. Kg2 Ra2+ 50. Kg3 1-0

[Event "Obro International 2022"]
[Site "Copenhagen"]
[Date "2022.08.23"]
[Round "3.1"]
[White "Hillarp Persson, Tiger"]
[Black "Nilssen, John Arni"]
[Result "1-0"]
[WhiteElo "2514"]
[BlackElo "2334"]
[PlyCount "67"]
[EventDate "2022.08.22"]
[EventType "swiss"]
[EventRounds "9"]
[EventCountry "DEN"]

1. Nf3 g6 2. d4 Bg7 3. e4 c5 4. d5 d6 5. c4 Nf6 6. Nc3 O-O 7. h3 e6 8. Bd3 exd5
9. cxd5 b5 10. Nxb5 Nxe4 11. Bxe4 Re8 12. Ng5 Qd7 13. a4 a6 14. Nc3 h6 15. Ne6
fxe6 16. O-O Bb7 17. Bxg6 Rf8 18. Be4 Ra7 19. Ra3 Kh8 20. Rb3 exd5 21. Bxd5
Bxd5 22. Qxd5 Nc6 23. Rb6 Rc7 24. Ne4 Nd4 25. Rxd6 Ne2+ 26. Kh1 Qxa4 27. Bxh6
Qe8 28. Bxg7+ Rxg7 29. Rh6+ Rh7 30. Rxh7+ Kxh7 31. Re1 Nf4 32. Ng5+ Kg7 33.
Rxe8 Nxd5 34. Ne6+ 1-0

[Event "Obro International 2022"]
[Site "Copenhagen"]
[Date "2022.08.23"]
[Round "3.2"]
[White "Thuesen, Mogens Henrik"]
[Black "Rozentalis, Eduardas"]
[Result "0-1"]
[WhiteElo "2230"]
[BlackElo "2493"]
[PlyCount "58"]
[EventDate "2022.08.22"]
[EventType "swiss"]
[EventRounds "9"]
[EventCountry "DEN"]

1. e4 e6 2. d4 d5 3. Nc3 dxe4 4. Nxe4 Bd7 5. Nf3 Bc6 6. Bd3 Nd7 7. O-O Bxe4 8.
Bxe4 c6 9. c3 Ngf6 10. Bc2 Bd6 11. Re1 Qc7 12. Qe2 Bf4 13. Ne5 Bxc1 14. Raxc1
O-O 15. Rcd1 Rad8 16. Rd3 Rfe8 17. Rh3 Nf8 18. Ng4 Nxg4 19. Qxg4 g6 20. Qg5 Rd5
21. Qe3 b6 22. Bb3 Rd6 23. Qe5 Red8 24. Rhe3 c5 25. dxc5 bxc5 26. Qf4 Nd7 27.
h4 Nb6 28. Rxe6 fxe6 29. Rxe6 c4 0-1

[Event "Obro International 2022"]
[Site "Copenhagen"]
[Date "2022.08.23"]
[Round "3.3"]
[White "Korley, Kassa"]
[Black "Hector, Jonny"]
[Result "1-0"]
[WhiteElo "2432"]
[BlackElo "2463"]
[PlyCount "123"]
[EventDate "2022.08.22"]
[EventType "swiss"]
[EventRounds "9"]
[EventCountry "DEN"]

1. Nf3 d5 2. g3 Nc6 3. d4 Bf5 4. Bg2 Nb4 5. Na3 e6 6. O-O h5 7. c3 Nc6 8. Qb3
Bxa3 9. Qxa3 Be4 10. Be3 Nge7 11. Rac1 Nf5 12. c4 h4 13. cxd5 Bxd5 14. Qd3 hxg3
15. hxg3 Nxe3 16. Qxe3 Qf6 17. Ne5 Rd8 18. Nxc6 bxc6 19. f3 Bxa2 20. Rxc6 O-O
21. Ra1 Bd5 22. Rxc7 Rb8 23. Qd2 e5 24. Rc5 Rfd8 25. dxe5 Qb6 26. Qa5 Qb3 27.
Rc3 Qxb2 28. Rd3 Rd7 29. Rad1 Qxe2 30. Qd2 Qxd2 31. R1xd2 Rb5 32. f4 Rb1+ 33.
Kf2 Bxg2 34. Rxd7 Bh3 35. Rd8+ Kh7 36. Rd1 Rb2+ 37. R8d2 Rxd2+ 38. Rxd2 Kg6 39.
Ra2 Be6 40. Rxa7 Kf5 41. Ra8 Ke4 42. Ra1 Kf5 43. Kf3 Bd5+ 44. Ke3 Kg4 45. Kd4
Be6 46. Ra3 g5 47. fxg5 Kxg5 48. Kc5 Kg6 49. Kd6 Kg7 50. Rf3 Ba2 51. Ke7 Bc4
52. Rf5 Kg6 53. Rf6+ Kg7 54. g4 Bb3 55. g5 Bc4 56. g6 fxg6 57. e6 g5 58. Rf2
Kg6 59. Kd6 Bb5 60. Rf8 Kh5 61. e7 Kg4 62. Rb8 1-0

[Event "Obro International 2022"]
[Site "Copenhagen"]
[Date "2022.08.23"]
[Round "3.4"]
[White "Hamitevici, Vladimir"]
[Black "Hilwerda, Jonas"]
[Result "1/2-1/2"]
[WhiteElo "2473"]
[BlackElo "2273"]
[PlyCount "125"]
[EventDate "2022.08.22"]
[EventType "swiss"]
[EventRounds "9"]
[EventCountry "DEN"]

1. c4 g6 2. Nc3 c5 3. g3 Nc6 4. Bg2 Bg7 5. d3 d6 6. Qd2 Nf6 7. b3 O-O 8. Bb2
Bd7 9. e3 a6 10. Nge2 Rb8 11. h3 b5 12. O-O e6 13. g4 h6 14. Ng3 Ne7 15. f4 d5
16. cxd5 exd5 17. e4 b4 18. Nce2 dxe4 19. dxe4 Bb5 20. Qc1 Bxe2 21. Nxe2 Qd3
22. Qc4 Qe3+ 23. Kh1 Nxe4 24. Bxg7 Nd2 25. Qxa6 Kxg7 26. Rfe1 Nf3 27. Red1 Rfd8
28. Ng1 Nh4 29. Re1 Qg3 30. Qe2 Nd5 31. Bxd5 Rxd5 32. Qh2 Qxh2+ 33. Kxh2 Rd2+
34. Re2 Rbd8 35. Kg3 g5 36. fxg5 hxg5 37. Rc1 Rd1 38. Rxd1 Rxd1 39. Kf2 Rc1 40.
Nf3 Nxf3 41. Kxf3 Rc3+ 42. Ke4 Rxh3 43. Rc2 Rg3 44. Kf5 f6 45. Rxc5 Rf3+ 46.
Ke6 Rf4 47. Rc4 Kg6 48. Kd5 f5 49. Rc6+ Kf7 50. Rc7+ Kf6 51. Rc6+ Ke7 52. Ke5
Rxg4 53. Kxf5 Rg2 54. Rb6 Rxa2 55. Kxg5 Rb2 56. Rxb4 Kd6 57. Kf4 Kc5 58. Rb8
Kd4 59. Rd8+ Kc3 60. Rc8+ Kxb3 61. Rb8+ Kc3 62. Rxb2 Kxb2 63. Ke4 1/2-1/2

[Event "Obro International 2022"]
[Site "Copenhagen"]
[Date "2022.08.23"]
[Round "3.5"]
[White "Marchena Hurtado, Javier"]
[Black "Brynell, Stellan"]
[Result "1/2-1/2"]
[WhiteElo "2350"]
[BlackElo "2387"]
[PlyCount "74"]
[EventDate "2022.08.22"]
[EventType "swiss"]
[EventRounds "9"]
[EventCountry "DEN"]

1. d4 Nf6 2. c4 e6 3. Nf3 b6 4. g3 Ba6 5. Qa4 Bb7 6. Bg2 c5 7. dxc5 Bxc5 8. O-O
O-O 9. Nc3 Be7 10. Rd1 Qc8 11. Bf4 Na6 12. Rac1 Nc5 13. Qc2 Nce4 14. Nxe4 Bxe4
15. Qa4 Bc6 16. Qc2 Be4 17. Qb3 Qb7 18. Bd6 Bxd6 19. Rxd6 Rac8 20. Rcd1 Rc6 21.
Qa4 Rxd6 22. Rxd6 Rc8 23. b3 h6 24. h3 Rc5 25. Qb4 Qc7 26. Rd1 d5 27. cxd5 Bxd5
28. Ne1 Rc1 29. Qd2 Rxd1 30. Qxd1 Qc3 31. Nd3 Bxg2 32. Kxg2 Nd5 33. e4 Nf6 34.
f3 g5 35. Nf2 Kg7 36. Qe2 Nd7 37. Qd3 Qxd3 1/2-1/2

[Event "Obro International 2022"]
[Site "Copenhagen"]
[Date "2022.08.23"]
[Round "3.6"]
[White "Loftgaard, Mikkel Vinh"]
[Black "Ramsdal, Jens Albert"]
[Result "1/2-1/2"]
[WhiteElo "2238"]
[BlackElo "2304"]
[PlyCount "122"]
[EventDate "2022.08.22"]
[EventType "swiss"]
[EventRounds "9"]
[EventCountry "DEN"]

1. e4 c5 2. c3 Nf6 3. e5 Nd5 4. d4 cxd4 5. Nf3 d6 6. cxd4 Nc6 7. Bc4 dxe5 8.
dxe5 Be6 9. O-O g6 10. Qe2 Bg7 11. Rd1 Qa5 12. Bd2 Qc5 13. Na3 Nc7 14. Bxe6
Nxe6 15. Rac1 Qb6 16. Be3 Qa5 17. Qc4 O-O 18. Rd5 Qb4 19. Qc2 Qg4 20. h3 Qf5
21. Qxf5 gxf5 22. Rd7 Rab8 23. Nb5 a6 24. Nbd4 Nexd4 25. Nxd4 Nxe5 26. Rxe7 Ng6
27. Rd7 f4 28. Bd2 Ne5 29. Rd5 Rfd8 30. Rxd8+ Rxd8 31. Nb3 Nd3 32. Rc7 b5 33.
Ra7 Bxb2 34. Rxa6 Nc5 35. Nxc5 Rxd2 36. Ne4 Re2 37. Nf6+ Bxf6 38. Rxf6 Rxa2 39.
Rxf4 Ra1+ 40. Kh2 Ra6 41. Kg3 Rc6 42. Kf3 Kf8 43. Rh4 h6 44. Ke3 Ke7 45. Rh5
Rb6 46. Kd3 b4 47. Kc2 b3+ 48. Kb2 Rg6 49. g4 Rb6 50. f4 Kf8 51. Rf5 Kg7 52.
Re5 Rb4 53. Re3 h5 54. Rxb3 Rxf4 55. gxh5 Kh6 56. Kc2 Kxh5 57. Kd2 f5 58. Ke3
Rh4 59. Kf2 Kg5 60. Rg3+ Kf6 61. Ra3 Ke5 1/2-1/2